00481nam a2200145Ia 4500008004000000082001300040100002500053245004100078260003700119300001200156690002100168906001100189999001700200952011800217210210b1958 xxu||||| |||| 00| 0 eng d a973 BOOA aBOORSTIN (Daniel J). aAmericans the democratic experience. aBombay.bAllied Publishersc1958 axiv,717 aAmerican History a032277 c83318d83318 001040708HistoryaALbALcHistoryd2021-02-17g20.00l0o973 BOOAp032277r2021-02-17 00:00:00w2021-02-17yBK